00454nam a2200157 a 4500008004100000020001500041050001500056100001500071245010300086250001200189260002700201300002000228350000900248650001000257650002900267071120s2005 ||||||||||||||||| || u a0750666331 aTD 426 Gra aGray, N. F10aWater technology: an introduction for environmental scientists and engineers (2nd ed.)cN. F. Gray a2nd ed. aOxfordbElsevierc2005 axx, 645p.: ill. a0.00 aWATER aWATER-SUPPLY ENGINEERING